000 00299nam a22001457a 4500
008 210429b ||||| |||| 00| 0 eng d
020 _a9780061998539
041 _aeng
080 _a37
082 _a37
100 _a46
101 _aEDU
245 _aThe Curriculum
_cBing,S
942 _2udc
_cBK
999 _c56977
_d56977